Auditory evoked potentials in the west indian manatee (<Sirenia: Trichechus manatus>) (Registro nro. 9465)

Detalles MARC
000 -CABECERA
Campo de control 006160000a22001810004500
090 ## - CLASIFICACIÓN LOCAL
Colección AR
Consecutivo 00367
041 0# - IDIOMA
Código de idioma para texto/pista de sonido o título separado
100 1# - ASIENTO PRINCIPAL--NOMBRE PERSONAL
Nombre personal Bullock, Theodore H.
245 10 - MENCION DE TITULO
Título Auditory evoked potentials in the west indian manatee (<Sirenia: Trichechus manatus>)
650 14 - ASIENTO SECUNDARIO DE MATERIA - TERMINO TEMATICO
Término temático o nombre geográfico como elemento de entrada Bioacústica
650 14 - ASIENTO SECUNDARIO DE MATERIA - TERMINO TEMATICO
Término temático o nombre geográfico como elemento de entrada Neurobiología animal
651 #4 - ASIENTO SECUNDARIO DE MATERIA - NOMBRE GEOGRAFICO
-- Florida
-- Estados Unidos
653 ## - TERMINO DE INDIZACION - NO CONTROLADO
-- Trichechus
-- Trichechus manatus
-- Manati
700 1# - ASIENTO SECUNDARIO - NOMBRE PERSONAL
Nombre personal O'Shea, Thomas J.
700 1# - ASIENTO SECUNDARIO - NOMBRE PERSONAL
Nombre personal McClune, Michael C.
773 1# - Item fuente:
Título Journal of Comparative Physiology
Especificación de materiales 150
Descripción física 148
Paginas del Articulo 547-554
Lugar, editorial y fecha de publicación 1982
942 ## - ELEMENTOS ADICIONALES (KOHA)
Tipo de ítem Artículo
Existencias
Withdrawn status Lost status Damaged status No para préstamo Colección Ubicación Permanente Ubicación actual Fecha de adquisición Datos de publicación Seriada Total Checkouts Número topográfico Inventario / Código de Barras Date last seen Ejemplar Price effective from Forma de adquisición Tipo de material
      No para Préstamo Hemeroteca Bogotá Bogotá 27/02/2015 Fuera de circulación   AR 00367 010621 25/03/2015 1 25/03/2015   Artículo